Prostredie podniku a stratégia bakalárska práca

Saved in:
Bibliographic Details
Main Author: Podhajecká, Anna
Corporate Author: Podnikovohospodárska fakulta EU so sídlom v Košiciach. Katedra manažmentu
Other Authors: Demjanová, Lucia, 1981-
Format: Book
Language:Slovak
Published: Košice 2009
Tags: Add Tag
No Tags, Be the first to tag this record!

MARC

LEADER 00000nam$a2200000$$$4500
001 0106814
005 20240318131136.5
041 0 |a slo 
044 |a SK 
245 1 0 |a Prostredie podniku a stratégia  |b bakalárska práca  |c Anna Podhajecká ; škol. Lucia Demjanová 
264 1 |a Košice  |c 2009 
300 |a 56 s. 
100 1 |a Podhajecká, Anna 
700 1 |a Demjanová, Lucia, 1981- 
710 2 |a Podnikovohospodárska fakulta EU so sídlom v Košiciach. Katedra manažmentu